Welcome to CU Library Online Public Access Catalogue (OPAC)

Lotus Illustrated Dictionary of Psychology (Record no. 591)

MARC details
000 -LEADER
fixed length control field 00481nam a22001697a 4500
005 - DATE AND TIME OF LATEST TRANSACTION
control field 20241104161627.0
008 - FIXED-LENGTH DATA ELEMENTS--GENERAL INFORMATION
fixed length control field 241104b |||||||| |||| 00| 0 eng d
020 ## - INTERNATIONAL STANDARD BOOK NUMBER
International Standard Book Number 9788189093563
050 ## - LIBRARY OF CONGRESS CALL NUMBER
Classification number BF31
100 ## - MAIN ENTRY--PERSONAL NAME
Personal name Smith, Louis
245 ## - TITLE STATEMENT
Title Lotus Illustrated Dictionary of Psychology
Statement of responsibility, etc. Louis Smith
250 ## - EDITION STATEMENT
Edition statement 1st Ed.
Remainder of edition statement Reprint
260 ## - PUBLICATION, DISTRIBUTION, ETC.
Place of publication, distribution, etc. New Delhi
-- India
Name of publisher, distributor, etc. Lotus Press
Date of publication, distribution, etc. c2006
300 ## - PHYSICAL DESCRIPTION
Extent 220 pages
Other physical details Illustrations
Dimensions 21cm
650 ## - SUBJECT ADDED ENTRY--TOPICAL TERM
Source of heading or term Psychology
942 ## - ADDED ENTRY ELEMENTS (KOHA)
Source of classification or shelving scheme Library of Congress Classification
Koha item type Books
Edition 1st Ed.
Suppress in OPAC No
999 ## -
-- 591
-- 591
Holdings
Withdrawn status Lost status Source of classification or shelving scheme Damaged status Not for loan Collection Home library Current library Shelving location Date acquired Total checkouts Full call number Barcode Date last seen Copy number Price effective from Koha item type
    Library of Congress Classification     Non-fiction Business Library (Miotso) Business Library (Miotso) Reference 11/04/2024   BF31 SMI bssm00000114 11/04/2024 1 11/04/2024 Books
    Library of Congress Classification     Reference Undergraduate Library (Christ Temple) Undergraduate Library (Christ Temple) General stacks 08/23/2025   BF31 SMI ulct00004455 08/23/2025 1 08/23/2025 Books
    Library of Congress Classification     Reference Undergraduate Library (Christ Temple) Undergraduate Library (Christ Temple) General stacks 08/23/2025   BF31 SMI ulct00004462 08/23/2025 1 08/23/2025 Books
© 2023-2024 Copyright: Central University Libraries. All Rights Reserved | Created by: Mahone Tech Office